LEADER 00973nam a2200241 i 4500 001 000000169713 003 CaOOAMICUS 005 20080228000000.0 008 080228s1973 it u000 u ita u 013 $a147116 040 $aSeMil$bita 100 1 $aDi Nola, Alfonso Maria <1926-1997>.$0(OLS)http://semarc/name/6286 245 10$aAntisemitismo in Italia :$b1962-1972 /$cAlfonso M. Di Nola. 260 $aFirenze :$bVallecchi,$ccopyr. 1973. 300 $aIX, 257 p. :$bill. ;$c18 cm. 500 $aContiene : Bibliografia essenziale. - Fondo Card. Giovanni Colombo. 650 4$aAntisemitismo - Italia.$0(OLS)http://semarc/subject/25489 850 $aSeMil 852 $aSeMil$W1$xVenegono$y1$m3V I 321$j120621$B120621$CSeMilBibl$Z2$F133700 $81 941 1 $a3 961 $aLascito: Colombo Card. Giovanni 996 $6245$aAntisemitismo in Italia :$b1962-1972$9(OLS)http://semarc/title/242688 996 $6260$aFirenze :$bVallecchi$9(OLS)http://semarc/publisher/29768 LEADER 01181nam a2200265 4500 001 000000339332 003 CaOOAMICUS 005 20200214122751.0 008 200211s2015 it a 000 u ita r 040 $aSeMil$bita 100 1 $aVanotti, Alfredo.$0(OLS)http://semarc/name/110935 245 10$aAmazon butterfly /$cAlfredo Vanotti e Giovanni Moretti. 246 0 $aAmazon butterfly :$bsalute e bellezza dalla foresta : generare ricchezza proteggendo l'ambiente 264 1$a[S.l.] :$bArtigiani di pace,$c[2015] 300 $a137 p. :$bill. ;$c20 cm 541 0 $aFondo mons. Mario Delpini 650 04$aAmazzonia.$0(OLS)http://semarc/subject/11755 700 1 $aMoretti, Giovanni.$0(OLS)http://semarc/name/110936 850 $aSeMil 852 $aSeMil$W1$xVenegono$y1$m4Y I 97$j219236$B230439$CSeMilBibl$Z2$F230439 $81 941 1 $a7 996 $6245$aAmazon butterfly$9(OLS)http://semarc/title/428149 996 $6246$aAmazon butterfly :$bsalute e bellezza dalla foresta : generare ricchezza proteggendo l'ambiente$9(OLS)http://semarc/title/428150 996 $6264$a[S.l.] :$bArtigiani di pace$9(OLS)http://semarc/publisher/58837